Statistics for Monaco Top 10 Leaders

Click here to take the quiz!

General Stats

  • This quiz has been taken 81 times
    (62 since last reset)
  • The average score is 4 of 19

Answer Stats

GoalsAppsPlayer% Correct
83140Radamel Falcao
88%
118201Wissam Ben Yedder
80%
223278Delio Onnis
29%
67117Sonny Anderson
29%
0755Jean-Luc Ettori
27%
78428Jean Petit
27%
67144Shabani Nonda
22%
68196Youri Djorkaeff
20%
4602Claude Puel
15%
77223Victor Ikpeba
12%
114161Lucien Cossou
7%
5315Luc Sonor
7%
42349Manuel Amoros
7%
2303Armand Forcherio
5%
89334Christian Dalger
5%
319François Ludo
5%
20326Marcel Dib
5%
31304Michel Hidalgo
5%
74167Yvon Douis
5%

Score Distribution

Percentile by Number Answered

Percent of People with Each Score

Your Score History

You have not taken this quiz since the last reset